000 00601nam a2200217Ii 4500
001 15573
003 CO-ViMGA
008 241108s9999||||xx |||||||||||||| ||und||
020 _a9509187925
040 _aCO-ViMGA
_bspa
_erda
_cCO-ViMGA
041 0 _aspa
084 _aC WIL1fa
100 1 _aOscar Wilde
_951001
245 1 0 _aEl fantasma de Canterville
264 1 _aBuenos Aires, Argentina : Quipu, 2008
300 _avolumen
336 _atext
_btxt
_2rdacontent
337 _aunmediated
_bn
_2rdamedia
338 _avolume
_bnc
_2rdacarrier
940 _aidficha_siabuc: 15257. -- ficha_no_siabuc:15573
999 _c45703
_d45703